000
00213 a2200109 4500
020
_a
028906015997
041
_a
eng
100
_a
anonimo
245
_a
Make It Merry In Plastic Canvas
942
_c
BK
952
_7
1
999
_c
22987
_d
22987